|
|
|
|
| LEADER |
02881njm a2200733 a 4500 |
| 001 |
000247510 |
| 003 |
CZ BrMZK |
| 005 |
20240423114815.0 |
| 008 |
010907s1997 xr f cze d |
| 028 |
0 |
1 |
|a 0084-2
|b B&M Music
|
| 040 |
|
|
|a BOA001
|b cze
|
| 080 |
|
|
|a 784.4(086.7)
|2 MRF
|
| 245 |
0 |
0 |
|a Schody do nebe
|h [zvukový záznam]
|
| 246 |
3 |
3 |
|a Roň slzy
|
| 246 |
3 |
3 |
|a Schody do nebe
|
| 246 |
3 |
3 |
|a Twilight time
|
| 246 |
3 |
3 |
|a U nás v podkroví
|
| 246 |
3 |
3 |
|a Už dávno nejsem dítě
|
| 246 |
3 |
3 |
|a Vzpomínka na pořad "Vysílá studio A"
|
| 246 |
3 |
3 |
|a Čekám tě na rohu
|
| 246 |
3 |
3 |
|a Adresát neznámý
|
| 246 |
3 |
3 |
|a Aristofanes
|
| 246 |
3 |
3 |
|a Buď mi věrná, moje milá
|
| 246 |
3 |
3 |
|a Bílá dáma
|
| 246 |
3 |
3 |
|a Bílá vrána
|
| 246 |
3 |
3 |
|a Jezabel
|
| 246 |
3 |
3 |
|a Já zpívat toužím
|
| 246 |
3 |
3 |
|a Jó třešně zrály
|
| 246 |
3 |
3 |
|a Maria
|
| 246 |
3 |
3 |
|a Miluj mě, nebo mě opusť
|
| 246 |
3 |
3 |
|a Má oči šedé
|
| 246 |
3 |
3 |
|a Noc a den
|
| 246 |
3 |
3 |
|a Píseň o tichu
|
| 246 |
3 |
3 |
|a Rozloučení
|
| 260 |
|
|
|a Praha :
|b B&M Music,
|c p1997
|
| 300 |
|
|
|a 1 CD ;
|c 12 cm +
|e 1 složený list.
|
| 490 |
1 |
|
|a Vysílá studio "A" ;
|v 1
|
| 500 |
|
|
|a Durata neuv
|
| 500 |
|
|
|a Nahr. neuv
|
| 505 |
2 |
|
|a Vzpomínka na pořad "Vysílá studio A", Twiligh time, Noc a den ... [et al.]
|
| 511 |
0 |
|
|a Jaromír Vašta, mluvené slovo; Eva Pilarová, zpěv; Pavlína Filipovská, zpěv ... [et al.]. Taneční orchestr československého rozhlasu, dir. Karel Krautgartner; Olympic
|
| 653 |
0 |
|
|a populární hudba
|a populární písně
|
| 700 |
1 |
|
|a Šlitr, Jiří,
|d 1924-1969
|7 jk01130482
|4 prf
|
| 700 |
1 |
|
|a Štědrý, Karel,
|d 1937-2017
|7 jn99240001660
|4 wam
|4 prf
|
| 700 |
1 |
|
|a Filipovská, Pavlína,
|d 1941-
|7 jn19981001127
|4 prf
|
| 700 |
1 |
|
|a Gott, Karel,
|d 1939-2019
|7 jk01032549
|4 prf
|
| 700 |
1 |
|
|a Grúň, Dušan,
|d 1942-2024
|7 xx0277789
|4 prf
|
| 700 |
1 |
|
|a Kahovcová, Vlasta,
|d 1944-
|7 jx20050217004
|4 prf
|
| 700 |
1 |
|
|a Kopecký, Karel,
|d 1940-1979
|7 jo20191033551
|4 prf
|
| 700 |
1 |
|
|a Krautgartner, Karel,
|d 1922-1982
|7 jk01063097
|4 cnd
|
| 700 |
1 |
|
|a Matuška, Waldemar,
|d 1932-2009
|7 jk01080863
|4 prf
|
| 700 |
1 |
|
|a Petrů, Jana,
|d 1938-1990
|7 xx0078929
|4 prf
|
| 700 |
1 |
|
|a Pilarová, Eva,
|d 1939-2020
|7 jn19990209654
|4 prf
|
| 700 |
1 |
|
|a Přenosilová, Yvonne,
|d 1947-2023
|7 jn20000402082
|4 prf
|
| 700 |
1 |
|
|a Suchý, Jiří,
|d 1931 říjen 1.-
|7 jk01121734
|4 prf
|
| 700 |
1 |
|
|a Vašta, Jaromír,
|d 1931-1996
|7 ola200202624
|4 nrt
|
| 700 |
1 |
|
|a Zíma, Josef,
|d 1932-2025
|7 jn19990210845
|4 prf
|
| 710 |
2 |
|
|a Taneční orchestr Československého rozhlasu Praha
|7 ko2002102437
|4 prf
|
| 710 |
2 |
|
|a Olympic (hudební skupina)
|7 kn20020522005
|4 prf
|
| 830 |
|
0 |
|a Vysílá studio "A"
|
| 910 |
|
|
|a BOA001
|b CD-0005.065
|
| 964 |
|
|
|a Hudba populární
|x CD
|
| 990 |
|
|
|a AV
|
| 996 |
6 |
|
|b 261H005226
|c CD-0005.065
|l MZK
|r Sklad / do 24 hodin
|n 1
|p p.v.
|w 000247510
|u 000010
|a 1
|e BOA001
|j MZK50
|s P
|